000
00196 a2200097 4500
001
2645
100
_a
Philby, H.
245
_a
Arabian jubilee
260
_a
_b
Robert Hale
_c
090
_c
1941
_d
1941
942
_a
NUST-CAE
_c
M
_c
10458
999
_c
237718
_d
237718